[Event "Bayernliga U20 1819"]
[Site "Bayern"]
[Date "2019.01.26"]
[Round "5.6"]
[White "Bruell, Elias"]
[Black "Brueckner, Alexander"]
[Result "1-0"]
[WhiteElo "1759"]
[BlackElo "1807"]
[PlyCount "83"]
[EventDate "2018.11.17"]
[EventType "team-tourn"]
[EventRounds "6"]
[EventCountry "GER"]
[SourceTitle "EXT 2022"]
[Source "ChessBase"]
[SourceDate "2021.10.06"]
[SourceVersion "1"]
[SourceVersionDate "2021.10.06"]
[SourceQuality "1"]
[WhiteTeam "Regensburg Bavaria U20"]
[BlackTeam "Augsburg SF U20"]
[WhiteTeamCountry "GER"]
[BlackTeamCountry "GER"]

1. e4 c5 2. Nf3 d6 3. d4 cxd4 4. Nxd4 Nf6 5. Nc3 g6 6. Be3 Bg7 7. f3 0-0 8. Qd2 Nc6 9. Bc4 Bd7 10. 0-0-0 Rc8 11. Bb3 Ne5 12. Kb1 Rc5 13. Ne6 fxe6 14. Bxc5 dxc5 15. Bxe6+ Bxe6 16. Qxd8 Rxd8 17. Rxd8+ Kf7 18. Rb8 b6 19. Rb7 Nc6 20. Nb5 Ne8 21. Nxa7 Nd6 22. Rc7 Nb4 23. a3 Na6 24. Rc6 Nb8 25. Rxb6 Nd7 26. Rc6 Nb8 27. Rxc5 Bd4 28. b4 Bxc5 29. bxc5 Nc4 30. a4 Na5 31. Kb2 Ke8 32. Kc3 Nbc6 33. Nxc6 Nxc6 34. Ra1 Kd7 35. a5 Kc7 36. a6 Kb8 37. Rb1+ Ka7 38. Rb7+ Ka8 39. Rc7 Nb8 40. Rxe7 Bc8 41. Re8 Bxa6 42. c6 1-0

[Event "Pardubice Czech op-C 29th"]
[Site "Pardubice"]
[Date "2018.07.24"]
[Round "5"]
[White "Bruell, Elias"]
[Black "Narr, Kevin"]
[Result "1/2-1/2"]
[WhiteElo "1823"]
[BlackElo "2045"]
[PlyCount "46"]
[EventDate "2018.07.21"]
[EventType "swiss"]
[EventRounds "9"]
[EventCountry "CZE"]
[SourceTitle "CBM 186 Extra"]
[Source "ChessBase"]
[SourceDate "2018.08.24"]
[SourceVersion "1"]
[SourceVersionDate "2018.08.24"]
[SourceQuality "1"]

1. e4 e6 2. d3 d5 3. Nd2 c5 4. Ngf3 Nc6 5. g3 g6 6. Bg2 Bg7 7. 0-0 Nge7 8. Re1 0-0 9. Nf1 a5 10. c3 a4 11. e5 Qc7 12. Bf4 b5 13. h4 b4 14. c4 Rd8 15. Qc1 dxc4 16. dxc4 Bb7 17. N1h2 Nf5 18. Ng4 Ncd4 19. Ng5 Bxg2 20. Kxg2 Qb7+ 21. Ne4 h5 22. Ngf6+ Bxf6 23. exf6 Rf8 1/2-1/2

[Event "Pardubice Czech op-C 28th"]
[Site "Pardubice"]
[Date "2017.07.23"]
[Round "2"]
[White "Bruell, Elias"]
[Black "Dvoranova, Maria"]
[Result "0-1"]
[WhiteElo "1710"]
[BlackElo "1938"]
[PlyCount "88"]
[EventDate "2017.07.22"]
[EventType "swiss"]
[EventRounds "9"]
[EventCountry "CZE"]
[SourceTitle "CBM 179 Extra"]
[Source "ChessBase"]
[SourceDate "2017.08.23"]
[SourceVersion "1"]
[SourceVersionDate "2017.08.23"]
[SourceQuality "1"]

1. e4 e6 2. d4 d5 3. e5 c5 4. c3 Nc6 5. Nf3 Bd7 6. a3 c4 7. Nbd2 b5 8. Be2 a5 9. Nf1 b4 10. Ne3 bxc3 11. bxc3 a4 12. Nc2 Na5 13. Nb4 Nb3 14. Ra2 Nxc1 15. Qxc1 Ne7 16. 0-0 Nc8 17. Qe3 Be7 18. Ne1 Na7 19. f4 0-0 20. g4 f6 21. exf6 gxf6 22. f5 Bxb4 23. axb4 exf5 24. gxf5 Kh8 25. Ng2 Nb5 26. Bd1 Nd6 27. Bc2 Rg8 28. Kh1 Rg5 29. Qh3 Qe7 30. Nh4 Rag8 31. Bb1 Ne4 32. Rg2 Rxg2 33. Nxg2 a3 34. Qe3 Bc6 35. Bxe4 dxe4 36. Ra1 Qg7 37. Nf4 Qg4 38. h3 Qxf4 39. Qxf4 e3+ 40. Kh2 Rg2+ 41. Kh1 Rf2+ 42. Kg1 Rxf4 43. Rxa3 Rf2 44. Ra1 Rg2+ 0-1

[Event "Oberpfalz-ch M2"]
[Site "Windischeschenbach"]
[Date "2017.04.11"]
[Round "7"]
[White "Stoeckl, Maximilian"]
[Black "Bruell, Elias"]
[Result "1/2-1/2"]
[WhiteElo "1514"]
[BlackElo "1657"]
[PlyCount "36"]
[EventDate "2017.04.08"]
[EventType "swiss"]
[EventRounds "8"]
[EventCountry "GER"]
[SourceTitle "EXT 2020"]
[Source "ChessBase"]
[SourceDate "2019.10.17"]
[SourceVersion "1"]
[SourceVersionDate "2019.10.17"]
[SourceQuality "1"]

1. d4 Nf6 2. c4 g6 3. Nc3 d5 4. Nf3 Bg7 5. Bg5 Ne4 6. cxd5 Nxg5 7. Nxg5 e6 8. Nf3 exd5 9. e3 0-0 10. Bd3 c5 11. dxc5 Nd7 12. 0-0 Nxc5 13. Be2 Bxc3 14. bxc3 Be6 15. Qd4 Rc8 16. Rfd1 Qa5 17. Qb4 Qxb4 18. cxb4 Ne4 1/2-1/2

[Event "Landesliga U20 Nord 1617"]
[Site "Bayern"]
[Date "2016.11.12"]
[Round "1.1"]
[White "Bruell, Elias"]
[Black "Schindler, Tobias"]
[Result "0-1"]
[WhiteElo "1724"]
[BlackElo "1935"]
[PlyCount "96"]
[EventDate "2016.11.12"]
[EventType "team-tourn"]
[EventRounds "7"]
[EventCountry "GER"]
[SourceTitle "EXT 2022"]
[Source "ChessBase"]
[SourceDate "2021.10.06"]
[SourceVersion "1"]
[SourceVersionDate "2021.10.06"]
[SourceQuality "1"]
[WhiteTeam "Regensburg Bavaria II"]
[BlackTeam "Kelheim SK U20"]
[WhiteTeamCountry "GER"]
[BlackTeamCountry "GER"]

1. e4 c5 2. Nf3 d6 3. d4 cxd4 4. Nxd4 Nf6 5. Nc3 Nc6 6. Be2 e5 7. Nb3 Be6 8. Be3 Be7 9. 0-0 0-0 10. f4 exf4 11. Bxf4 Qb6+ 12. Kh1 Rad8 13. Nd5 Bxd5 14. exd5 Ne5 15. c4 Ne4 16. Qd4 Qxd4 17. Nxd4 Bf6 18. Nf3 Rfe8 19. Rfe1 Nf2+ 20. Kg1 Nxf3+ 21. Bxf3 Rxe1+ 22. Rxe1 Nd3 23. Re4 Nxf4 24. Rxf4 Bxb2 25. Re4 Kf8 26. Kf2 Rc8 27. Ke3 Rc5 28. Bd1 Be5 29. h3 f5 30. Rh4 Bf6 31. Rxh7 Kg8 32. Bc2 Kxh7 33. Bxf5+ g6 34. Bd3 b5 35. cxb5 Rxd5 36. a4 Rd4 37. Bc2 Rb4 38. Kd3 d5 39. g4 Rf4 40. Ke3 Rc4 41. Kd2 Bd8 42. Bb3 Rb4 43. Kc3 Ba5 44. Kb2 d4 45. Kc2 d3+ 46. Kc3 d2 47. Bd1 Rb1+ 48. Kc2 Rc1+ 0-1

[Event "Oberpfalz-ch M2"]
[Site "Schwandorf"]
[Date "2015.03.28"]
[Round "2"]
[White "Bruell, Elias"]
[Black "Haeusler, Florian"]
[Result "0-1"]
[WhiteElo "1671"]
[BlackElo "1553"]
[PlyCount "60"]
[EventDate "2015.03.28"]
[EventType "swiss"]
[EventRounds "8"]
[EventCountry "GER"]
[SourceTitle "EXT 2022"]
[Source "ChessBase"]
[SourceDate "2021.10.06"]
[SourceVersion "1"]
[SourceVersionDate "2021.10.06"]
[SourceQuality "1"]

1. e4 c5 2. Nf3 d6 3. d4 cxd4 4. Nxd4 Nf6 5. Nc3 a6 6. Be2 e6 7. 0-0 Be7 8. Be3 Qc7 9. a4 Nbd7 10. f4 b6 11. Bf3 Bb7 12. Qe2 Rc8 13. g4 Nc5 14. Qg2 g6 15. Nde2 h5 16. g5 Ng4 17. Bd2 Nd7 18. Bxg4 hxg4 19. Nd4 Qc5 20. Be3 Qb4 21. Nd1 e5 22. c3 Qc4 23. b3 Qd3 24. fxe5 Nxe5 25. Ne2 Bxe4 26. Qg3 Qxe2 27. Rf2 Qe1+ 28. Rf1 Qxg3+ 29. hxg3 Rh1+ 30. Kf2 Nd3+ 0-1

[Event "Bayernliga U20 1415"]
[Site "Bayern"]
[Date "2015.01.24"]
[Round "4.4"]
[White "Diller, Daniel"]
[Black "Bruell, Elias"]
[Result "1/2-1/2"]
[WhiteElo "1980"]
[BlackElo "1579"]
[PlyCount "88"]
[EventDate "2014.11.15"]
[EventType "team-tourn"]
[EventRounds "7"]
[EventCountry "GER"]
[SourceTitle "EXT 2022"]
[Source "ChessBase"]
[SourceDate "2021.10.06"]
[SourceVersion "1"]
[SourceVersionDate "2021.10.06"]
[SourceQuality "1"]
[WhiteTeam "Erlangen SC U20"]
[BlackTeam "Regensburg Bavaria U20"]
[WhiteTeamCountry "GER"]
[BlackTeamCountry "GER"]

1. c4 e5 2. g3 Nf6 3. Bg2 d5 4. cxd5 Nxd5 5. Nc3 Nb6 6. Nf3 Nc6 7. 0-0 Be7 8. a3 Be6 9. b4 a5 10. b5 Nd4 11. d3 0-0 12. Rb1 a4 13. Nd2 Nd5 14. Nxd5 Bxd5 15. Nc4 Bxg2 16. Kxg2 f6 17. Kg1 Nb3 18. Be3 b6 19. Nb2 Nd4 20. Bxd4 Qxd4 21. Nc4 Rfd8 22. Qc2 Bc5 23. Rbd1 Qd7 24. Qb2 Qd4 25. Qc2 Qd7 26. Qb1 c6 27. bxc6 Qxc6 28. Qa2 Kh8 29. Rc1 Qd5 30. Qb2 Bd4 31. Qc2 b5 32. Nd2 Qb7 33. Nf3 Rdc8 34. Qa2 Bc5 35. Rc2 b4 36. axb4 Bxb4 37. Rb1 Rxc2 38. Qxc2 a3 39. Qa2 Qe7 40. Nd2 Bxd2 41. Qxd2 h6 42. Qa2 Qc5 43. Kg2 Kh7 44. Kg1 Kh8 1/2-1/2

[Event "Bayernliga U20 1415"]
[Site "Bayern"]
[Date "2015.01.24"]
[Round "5.4"]
[White "Wichmann, Adrian"]
[Black "Bruell, Elias"]
[Result "1-0"]
[WhiteElo "1973"]
[BlackElo "1579"]
[PlyCount "73"]
[EventDate "2014.11.15"]
[EventType "team-tourn"]
[EventRounds "7"]
[EventCountry "GER"]
[SourceTitle "EXT 2022"]
[Source "ChessBase"]
[SourceDate "2021.10.06"]
[SourceVersion "1"]
[SourceVersionDate "2021.10.06"]
[SourceQuality "1"]
[WhiteTeam "Forchheim SC U20"]
[BlackTeam "Regensburg Bavaria U20"]
[WhiteTeamCountry "GER"]
[BlackTeamCountry "GER"]

1. e4 c5 2. d4 cxd4 3. c3 dxc3 4. Nxc3 e6 5. Bc4 Qc7 6. Qe2 a6 7. a4 Bc5 8. Nf3 Nc6 9. Bg5 Nge7 10. 0-0 Ng6 11. Kh1 0-0 12. Rad1 b6 13. Na2 Qa7 14. Nc3 Qc7 15. Ba2 Bb7 16. Rfe1 h6 17. Be3 Rfd8 18. Rd2 Nb4 19. Bb1 Ne5 20. Bf4 d6 21. Na2 Nxf3 22. gxf3 Nxa2 23. Bxa2 e5 24. Be3 Qe7 25. Rg1 Kh8 26. Bd5 Bxd5 27. Rxd5 a5 28. Qd2 Bxe3 29. fxe3 Rac8 30. Qg2 f6 31. Qg6 Rc4 32. Rd2 Rxa4 33. Rdg2 Rg8 34. Qh5 Rc4 35. Rg6 Rc7 36. Qg4 b5 37. Rxh6+ 1-0